[Event "San Sebastian op 18th"]
[Site "San Sebastian"]
[Date "2008.09.21"]
[Round "2"]
[White "Mitt, Hando"]
[Black "Argandona Riveiro, Inigo"]
[Result "0-1"]
[WhiteElo "1826"]
[BlackElo "2375"]
[PlyCount "88"]
[EventDate "2008.09.20"]
[EventType "swiss"]
[EventRounds "9"]
[EventCountry "ESP"]
[SourceTitle "CBM 126 Extra"]
[Source "ChessBase"]
[SourceDate "2008.11.05"]
[SourceVersion "1"]
[SourceVersionDate "2008.11.05"]
[SourceQuality "1"]

1. d4 d5 2. Nf3 c6 3. e3 Nd7 4. Nc3 f5 5. Nh4 Ndf6 6. Bd3 e6 7. g3 Nh6 8. Bd2 Nf7 9. Qe2 Bd7 10. f3 c5 11. dxc5 Bxc5 12. e4 fxe4 13. fxe4 d4 14. Nd1 e5 15. Bb5 Nd6 16. Bxd7+ Qxd7 17. Nf2 0-0 18. Nf5 Nxf5 19. Qc4+ Rf7 20. Qxc5 Nd6 21. Qxe5 Re8 22. Qxd4 Ndxe4 23. Qxd7 Rxd7 24. Be3 Nxf2 25. Kxf2 Ng4+ 26. Kf3 Nxe3 27. g4 Rf7+ 28. Kg3 Ref8 29. Rag1 g5 30. h4 Rf3+ 31. Kh2 Nf1+ 32. Rxf1 Rxf1 33. Rxf1 Rxf1 34. Kg2 Rc1 35. c3 gxh4 36. Kh3 Rc2 37. Kxh4 Rxb2 38. Kg5 Rxa2 39. Kf6 Re2 40. g5 a5 41. g6 a4 42. gxh7+ Kxh7 43. Kf5 a3 44. Kf4 a2 0-1